000 01328cab a2200217 4500
001 ##L134158
008 060713n2006 000 0 eng u
035 _a(Sirsi) u134158
041 0 _aeng
110 2 _aRoyal Institution of Chartered Surveyors
_bPublic Affairs
_94679
245 0 0 _aRICS construction market survey
_bsecond quarter 2006
260 _aLondon
_bRICS
_c2006
490 0 _aRICS Construction Market Survey United Kingdom
_vSecond Quarter 2006
520 _aThe latest construction market survey from RICS reveals growth in construction output for the third consecutive quarter, despite a slowdown in the private house building sector. Strongest activity is in the commercial and infrastructure sectors. Skills shortages are becoming evident, including a severe shortage of surveyors and other construction professionals; cost pressures also remain strong, due to high energy and raw material prices. Confidence in the future remains high, boosted by the continuing overall economic recovery.
590 _aIKA180706
650 2 4 _aRICS CONSTRUCTION MARKET SURVEY UNITED KINGDOM
651 4 _aUnited Kingdom
_y
690 _aBUILT ENVIRONMENT-CONSTRUCTION MARKET
856 4 1 _uhttps://www.rics.org/site/scripts/download_info.aspx?downloadID=1193
_zView the item free of charge at www.rics.org...
942 _n0
999 _c77392
_d77392